[Event "ICS Rated blitz match"]
[Site "204.178.125.65"]
[Date "1999.08.27"]
[Round "?"]
[White "GIRONA"]
[Black "Hossa"]
[Result "0-1"]
[WhiteElo "2179"]
[BlackElo "2266"]
[Annotator "Fritz 5.32 (22s)"]
[PlyCount "67"]
[EventDate "1999.??.??"]

1. e4 e5 2. Nf3 Nf6 3. Nxe5 Nxe4 4. d4 d6 5. Nf3 Bg4 6. Bd3 d5 7. O-O Be7 8. c4
c6 9. Re1 (9. cxd5 cxd5 10. Nc3 10... Nf6 {
- Hernandez,T-Segal,A/Havana 1998/EXT 99 (10)}) 9... Nf6 $146 (9... f5 10. cxd5
cxd5 11. Qa4+ Nc6 12. Ne5 Rc8 (12... Nd6 13. Nxc6 bxc6 14. Qxc6+ Kf8 15. Qxd5
Nf7 16. Nc3 Bb4 17. Qxd8+ Rxd8 18. Be3 f4 19. Bxf4 Rxd4 20. Bb5 g6 21. Be3 Bxc3
22. bxc3 {1-0 Schelwokat,P-Dreier,G/Dortmund 1988/TD (22)}) 13. f3 Qb6 14. fxg4
Bb4 15. Bd2 Qxd4+ 16. Be3 Qxe5 17. Nd2 O-O 18. a3 Bxd2 19. Bxd2 Qxb2 20. Be3 d4
21. Rab1 Qc3 22. Bc4+ Kh8 23. Rbc1 Qa5 24. Qxa5 24... Nxa5 {
0-1 Hieronymus,A-Schepers,K/Kassel 1995/EXT 98 (24)}) 10. Be3 $11 (10. Qb3
10... b6 $14) 10... O-O 11. Nc3 11... Bb4 $14 (11... dxc4 $5 12. Bxc4 12...
Nbd7 $11) 12. h3 Bh5 13. Rc1 Re8 14. Be2 $11 (14. Qb3 a5 15. Ne5 Nfd7 16. cxd5
Nxe5 17. dxe5 17... cxd5 $14) 14... Bxf3 15. Bxf3 dxc4 16. Qe2 b5 17. a4 a6 18.
Qc2 18... Ra7 $11 (18... Qd7 19. Ra1 Ba5 20. Bg5 Rxe1+ 21. Rxe1 $11) 19. Red1
$17 (19. d5 $5 {ist bedenkenswert} 19... Bxc3 20. bxc3 $11) 19... Rae7 20. Bg5
Qd6 21. d5 Bxc3 22. Qxc3 cxd5 23. Bxf6 Qxf6 24. Qxf6 gxf6 25. Rxd5 Re5 26. Rd6
f5 27. Rc3 Kf8 28. Bd5 $4 $19 (28. g3 $15 $142 {war relativ besser}) 28... Ke7
29. Rh6 (29. Rb6 Nd7 (29... Rxd5 $6 30. Re3+ Kd7 31. Rxe8 Kxe8 32. Rxb8+ Kd7
33. axb5 axb5 34. Kf1 $17) 30. Rxa6 Rxd5 31. axb5 Rxb5 32. Rxc4 32... Rxb2 $19)
29... Rxd5 30. Re3+ Kd8 31. Rxh7 (31. Rxe8+ Kxe8 32. Rb6 Nd7 33. Rxa6 b4 34.
Ra8+ 34... Ke7 $19) 31... Rxe3 (31... bxa4 $6 32. Rxe8+ Kxe8 33. Rh8+ Ke7 34.
Rxb8 Rd1+ 35. Kh2 $19) 32. fxe3 bxa4 33. Rxf7 (33. Rh8+ {
der letzte Widerstandsversuch} 33... Kc7 34. Rh4 $19) 33... Nd7 {
Mit der Absicht a3} 34. h4 (34. Rh7 a3 35. bxa3 c3 36. Rh8+ 36... Kc7 $19) 0-1

[Event "ICS Rated blitz match"]
[Site "204.178.125.65"]
[Date "1999.08.29"]
[Round "?"]
[White "Gregorio"]
[Black "Hossa"]
[Result "0-1"]
[WhiteElo "2580"]
[BlackElo "2488"]
[PlyCount "108"]
[EventDate "1999.??.??"]

1. e4 e6 2. d4 d5 3. Nc3 Nf6 4. e5 Nfd7 5. Nce2 c5 6. c3 cxd4 7. cxd4 Bb4+ 8.
Bd2 Bxd2+ 9. Qxd2 O-O 10. Nf3 Nc6 11. Ng3 f6 12. exf6 Rxf6 13. Be2 e5 14. dxe5
Ndxe5 15. Nxe5 Nxe5 16. O-O d4 17. Rfd1 Rd6 18. Qf4 Rd5 19. Bh5 Be6 20. Ne2 d3
21. Nc3 Rc5 22. Ne4 Rb5 23. a4 Rd5 24. Nc3 Rc5 25. b4 Rxc3 26. Qxe5 Qf6 27.
Qxf6 gxf6 28. Rd2 Rac8 29. g3 R8c4 30. Rb1 Bf5 31. Bf3 Be4 32. Bxe4 Rxe4 33. f3
Re3 34. Kf2 Re6 35. Rbd1 Rc2 36. Rxc2 dxc2 37. Rc1 Rc6 38. Ke3 Rc4 39. b5 a6
40. bxa6 bxa6 41. a5 Kf7 42. Kd3 Rc5 43. Rxc2 Rxa5 44. Rc7+ Kg6 45. Rc6 Ra3+
46. Ke4 a5 47. h4 Ra4+ 48. Ke3 h5 49. Rc5 f5 50. Rc6+ Kg7 51. Rd6 Ra1 52. Kf4
Ra3 53. Rc6 a4 54. Rc5 54... Kg6 {Gregorio resigns} 0-1

[Event "ICS Rated blitz match"]
[Site "204.178.125.65"]
[Date "1999.09.06"]
[Round "?"]
[White "Gregorio"]
[Black "Hossa"]
[Result "1-0"]
[WhiteElo "2657"]
[BlackElo "2551"]
[PlyCount "76"]
[EventDate "1999.??.??"]

1. d4 Nf6 2. Nf3 g6 3. c4 Bg7 4. Nc3 O-O 5. e4 d6 6. Be2 Bg4 7. O-O e5 8. d5
Nfd7 9. Be3 f5 10. exf5 Rxf5 11. Qd2 Nb6 12. b3 Qf8 13. Ng5 Bxe2 14. Nxe2 Qe7
15. Ng3 Rf6 16. c5 dxc5 17. N3e4 Rf5 18. g4 Rxg5 19. Bxg5 Qd7 20. f3 c4 21.
Rad1 cxb3 22. axb3 Qb5 23. d6 Qxb3 24. dxc7 N8d7 25. Nd6 Nc5 26. Qe3 Qxe3+ 27.
Bxe3 Nca4 28. Nxb7 Rf8 29. Rd8 Nc8 30. Nc5 Bf6 31. Rxf8+ Kxf8 32. Nxa4 Ke8 33.
Rd1 Be7 34. Nc3 h5 35. Nb5 hxg4 36. Nxa7 Bd6 37. Nxc8 Bxc7 38. fxg4 38... Ba5 {
Hossa resigns} 1-0

[Event "ICS Rated blitz match"]
[Site "204.178.125.65"]
[Date "1999.09.11"]
[Round "?"]
[White "Gregorio"]
[Black "Hossa"]
[Result "1-0"]
[WhiteElo "2686"]
[BlackElo "2457"]
[PlyCount "52"]
[EventDate "1999.??.??"]

1. e4 c5 2. Nf3 e6 3. d4 cxd4 4. Nxd4 Nf6 5. Nc3 d6 6. Bc4 Be7 7. Bb3 d5 8.
exd5 Nxd5 9. Nxd5 exd5 10. Qh5 Nc6 11. Be3 Bf6 12. O-O-O Nb4 13. a3 Na6 14.
Bxd5 O-O 15. Nb5 Qa5 16. Bc4 b6 17. Bd2 Bxb2+ 18. Kxb2 Qa4 19. Bb4 Bg4 20. Qxg4
Nxb4 21. axb4 Qxb4+ 22. Ka2 Qa5+ 23. Na3 Rad8 24. Rxd8 Rxd8 25. Rd1 Rf8 26.
Bxf7+ 26... Kh8 {Hossa resigns} 1-0

[Event "ICS Rated blitz match"]
[Site "204.178.125.65"]
[Date "1999.08.29"]
[Round "?"]
[White "Gregorio"]
[Black "Hossa"]
[Result "1-0"]
[WhiteElo "2558"]
[BlackElo "2510"]
[PlyCount "58"]
[EventDate "1999.??.??"]

1. e4 e6 2. d4 d5 3. Nc3 Nf6 4. e5 Nfd7 5. f4 Bb4 6. a3 Bxc3+ 7. bxc3 O-O 8.
Nf3 f6 9. Bd3 c5 10. O-O cxd4 11. cxd4 Nc6 12. Rb1 Nb6 13. exf6 gxf6 14. f5 e5
15. Bh6 Rf7 16. dxe5 fxe5 17. Ng5 Rf6 18. Qg4 Rxh6 19. Ne6+ Kf7 20. Qg7+ Ke8
21. Qf8+ Kd7 22. Nxd8 Nxd8 23. Qg7+ Nf7 24. Qxf7+ Kc6 25. Bb5+ Kc5 26. Qe7+ Rd6
27. Qc7+ Rc6 28. Bxc6 Kd4 29. Bxd5 29... Kxd5 {Hossa resigns} 1-0

[Event "ICS Rated blitz match"]
[Site "204.178.125.65"]
[Date "1999.09.19"]
[Round "?"]
[White "Gregorio"]
[Black "Hossa"]
[Result "1-0"]
[WhiteElo "2740"]
[BlackElo "2604"]
[PlyCount "155"]
[EventDate "1999.??.??"]

1. d4 Nf6 2. c4 e6 3. Nc3 Bb4 4. e3 O-O 5. Nf3 d5 6. Bd3 c5 7. O-O Nc6 8. a3
Ba5 9. cxd5 exd5 10. dxc5 Bxc3 11. bxc3 Bg4 12. c4 Ne5 13. Bb2 Bxf3 14. gxf3
dxc4 15. Bxe5 Qxd3 16. Qxd3 cxd3 17. Rab1 Nd7 18. Bd6 Rfc8 19. Rfc1 d2 20. Rc2
Rd8 21. Rd1 Rac8 22. Rcxd2 Re8 23. Rb2 b6 24. cxb6 Nxb6 25. Rbd2 Nc4 26. Rd5 g6
27. Bc5 a5 28. Kg2 f5 29. a4 Re5 30. Rxe5 Nxe5 31. Rd5 Nc4 32. Bd4 Rb8 33. Rb5
Rxb5 34. axb5 a4 35. b6 Na5 36. Bc5 Nb7 37. Bd4 Na5 38. e4 Kf7 39. Bb2 Ke6 40.
e5 Kd5 41. f4 Kc5 42. Bd4+ Kd5 43. Bc3 Nb7 44. Bb4 Nd8 45. Be7 Nb7 46. Kf3 Kc6
47. Ke3 Kxb6 48. Kd4 Kc6 49. Kc4 Kd7 50. Ba3 Kc6 51. h4 h5 52. Bb4 Nd8 53. Bc5
Ne6 54. Be3 g5 55. fxg5 f4 56. Bc1 f3 57. g6 Kd7 58. Bh6 Ke7 59. Kb4 Nd4 60.
Kxa4 Ke8 61. Be3 Nf5 62. Bg5 Kf8 63. Bf6 Nd4 64. Kb4 Ne6 65. Kb5 Nf4 66. g7+
Kg8 67. Kc6 Kf7 68. Kd6 Ne6 69. g8=Q+ Kxg8 70. Kxe6 Kf8 71. Kd6 Kf7 72. e6+
Kxf6 73. e7 Kg7 74. Ke6 Kh7 75. Kf6 Kh6 76. Kf7 Kh7 77. e8=Q Kh6 78. Qh8# {
Hossa checkmated} 1-0

[Event "ICS Rated blitz match"]
[Site "204.178.125.65"]
[Date "1999.08.29"]
[Round "?"]
[White "Gregorio"]
[Black "Hossa"]
[Result "0-1"]
[WhiteElo "2326"]
[BlackElo "2488"]
[PlyCount "56"]
[EventDate "1999.??.??"]

1. d4 Nf6 2. c4 e6 3. Nf3 Bb4+ 4. Nbd2 d5 5. g3 dxc4 6. Bg2 c3 7. bxc3 Bxc3 8.
Rb1 Nc6 9. e3 Nd5 10. O-O O-O 11. Ba3 Bb4 12. Bxb4 Ncxb4 13. Qb3 Nc6 14. Rfc1
Re8 15. Nh4 Re7 16. Ne4 a6 17. a3 Na5 18. Qd3 Rd7 19. f4 f6 20. Bh3 Re7 21. Nd2
e5 22. Bxc8 Rxc8 23. e4 Nb6 24. Nf5 Rd7 25. fxe5 fxe5 26. Qc3 Nc6 27. d5 Rb8
28. dxc6 28... Rxd2 {Gregorio resigns} 0-1

[Event "ICS Rated blitz match"]
[Site "204.178.125.65"]
[Date "1999.08.28"]
[Round "?"]
[White "Gregorio"]
[Black "Hossa"]
[Result "1-0"]
[WhiteElo "2220"]
[BlackElo "2489"]
[PlyCount "80"]
[EventDate "1999.??.??"]

1. e4 c5 2. Nf3 e6 3. d4 cxd4 4. Nxd4 Nc6 5. Nc3 Bb4 6. Ndb5 Nge7 7. Nd6+ Bxd6
8. Qxd6 O-O 9. Bb5 a6 10. Bxc6 dxc6 11. Bf4 Ng6 12. O-O-O Qxd6 13. Bxd6 Rd8 14.
Na4 a5 15. Nb6 Ra6 16. Be7 Re8 17. Rd8 Rxd8 18. Bxd8 Rxb6 19. Bxb6 Ne5 20. Rd1
Nd7 21. Bxa5 f5 22. exf5 exf5 23. Re1 Kf7 24. Bd8 c5 25. a4 h6 26. Re7+ Kg6 27.
b3 h5 28. g3 c4 29. bxc4 h4 30. gxh4 f4 31. a5 f3 32. c5 Kh7 33. Re8 Nxc5 34.
Bb6 Na6 35. Rxc8 Kg6 36. Rf8 Kh7 37. Rf7 Nb4 38. Rxb7 Kg8 39. Bd4 Nc6 40. a6
40... Kh7 {Hossa resigns} 1-0

[Event "ICS Rated blitz match"]
[Site "204.178.125.65"]
[Date "1999.09.14"]
[Round "?"]
[White "HaraldLdahl"]
[Black "Hossa"]
[Result "0-1"]
[WhiteElo "2200"]
[BlackElo "2311"]
[PlyCount "21"]
[EventDate "1999.??.??"]

1. e4 c5 2. c3 d5 3. exd5 Qxd5 4. d4 Bf5 5. dxc5 Qxd1+ 6. Kxd1 Nd7 7. Be3 e5 8.
b4 a5 9. Nd2 Ngf6 10. Bb5 Nd5 11. c6 {HaraldLdahl resigns} 0-1

[Event "ICS Rated blitz match"]
[Site "204.178.125.65"]
[Date "1999.10.08"]
[Round "?"]
[White "Hossa"]
[Black "Amateur"]
[Result "1-0"]
[WhiteElo "2428"]
[BlackElo "2430"]
[PlyCount "137"]
[EventDate "1999.??.??"]

1. e4 c5 2. Nf3 e6 3. d4 cxd4 4. Nxd4 Nc6 5. Nc3 Bb4 6. Ndb5 Nge7 7. Nd6+ Bxd6
8. Qxd6 O-O 9. Bb5 a6 10. Bxc6 dxc6 11. Bf4 Ng6 12. O-O-O Qxd6 13. Bxd6 Rd8 14.
Na4 a5 15. Nb6 Ra6 16. Be7 Re8 17. Rd8 Rxd8 18. Bxd8 f5 19. Nxc8 Ra8 20. Ne7+
Kf7 21. Nxg6 Rxd8 22. Ne5+ Kf6 23. Nc4 a4 24. e5+ Kg5 25. Nd6 Rb8 26. Rd1 Kf4
27. Nf7 Ke4 28. Rd6 Rf8 29. Rd7 h6 30. Rxb7 f4 31. f3+ Ke3 32. Rd7 Kf2 33. Rd2+
Kg1 34. Nd8 Kxh2 35. Nxc6 Ra8 36. g4+ Kg3 37. Rd3 g5 38. Kd2 Ra6 39. Nd4 Ra5
40. Nxe6 Rxe5 41. Nd4 Rc5 42. Nf5+ Kf2 43. Nxh6 Rc6 44. Nf7 Rb6 45. b3 axb3 46.
cxb3 Ra6 47. a4 Ra5 48. Kc3 Ke2 49. Kd4 Ra7 50. Ne5 Kf2 51. Rd2+ Kg3 52. Rc2
Rb7 53. Rc3 Ra7 54. Nc6 Rh7 55. a5 Rh2 56. Kc5 Rh7 57. a6 Rh8 58. Kb6 Kf2 59.
a7 Rc8 60. Kb7 Rg8 61. a8=Q Rg7+ 62. Kb6 Kg3 63. Qe8 Kf2 64. Rc2+ Kxf3 65. Nd4+
Kg3 66. Qe1+ Kxg4 67. Qe2+ f3 68. Qxf3+ Kh4 69. Rh2# {Amateur checkmated} 1-0

[Event "ICS Rated blitz match"]
[Site "204.178.125.65"]
[Date "1999.09.29"]
[Round "?"]
[White "Hossa"]
[Black "Amateur"]
[Result "1-0"]
[WhiteElo "2481"]
[BlackElo "2453"]
[PlyCount "131"]
[EventDate "1999.??.??"]

1. e4 e5 2. Nf3 Nc6 3. Bb5 a6 4. Ba4 Nf6 5. d4 exd4 6. O-O Nxe4 7. Re1 f5 8.
Bxc6 dxc6 9. Ng5 Bb4 10. c3 Be7 11. Nxe4 fxe4 12. cxd4 Bf5 13. Nc3 Bb4 14. f3
Qh4 15. fxe4 Bg4 16. g3 Bxd1 17. gxh4 Bf3 18. Bf4 O-O-O 19. Re3 Bh5 20. Be5
Rhg8 21. Rf1 Rd7 22. Ree1 Be7 23. Rf5 g5 24. hxg5 Bxg5 25. Ref1 Bh6+ 26. Kf2
Bg6 27. Rf3 Bh5 28. Rh3 Rg5 29. Bf4 Rf7 30. Ke1 Rg6 31. Bxh6 Rxf1+ 32. Kxf1
Rxh6 33. Ke1 c5 34. dxc5 b6 35. cxb6 Kb7 36. bxc7 Kxc7 37. Ne2 Kc8 38. Nf4 Rb6
39. Rc3+ Kd7 40. Rd3+ Kc6 41. Nxh5 Rxb2 42. Rd2 Rb5 43. Nf6 Re5 44. Kf2 Re6 45.
Rc2+ Kd6 46. Nxh7 Rh6 47. Rd2+ Ke5 48. Ng5 Kf4 49. Nf3 Kxe4 50. Rd4+ Kf5 51. h4
Rc6 52. a4 Rh6 53. Kg3 Rg6+ 54. Ng5 Ke5 55. Re4+ Kf5 56. Re6 Rxg5+ 57. hxg5
Kxe6 58. Kg4 Kf7 59. a5 Kg6 60. Kf4 Kg7 61. Ke5 Kg6 62. Kd6 Kxg5 63. Kc6 Kf6
64. Kb6 Ke7 65. Kxa6 Kd8 66. Kb7 {Amateur resigns} 1-0

[Event "ICS Rated blitz match"]
[Site "204.178.125.65"]
[Date "1999.09.21"]
[Round "?"]
[White "Hossa"]
[Black "Amateur"]
[Result "1-0"]
[WhiteElo "2356"]
[BlackElo "2518"]
[PlyCount "119"]
[EventDate "1999.??.??"]

1. e4 e6 2. d4 d5 3. Nc3 Nf6 4. e5 Nfd7 5. Nf3 c5 6. Bg5 Qb6 7. Bb5 a6 8. Bxd7+
Bxd7 9. Rb1 cxd4 10. Qxd4 Qxd4 11. Nxd4 Nc6 12. Nxc6 Bxc6 13. Be3 d4 14. Bxd4
Bxg2 15. Rg1 Bc6 16. Bb6 g6 17. Rd1 Bh6 18. Rd4 Bc1 19. b3 Rc8 20. Rg3 Bh6 21.
f4 Bg7 22. Rd2 Bh6 23. Ne2 Be4 24. c4 Bf5 25. Kf2 Ra8 26. Rg1 a5 27. Kf3 Bh3
28. Rgd1 O-O 29. Rd7 Rfb8 30. Nd4 f5 31. Rg1 Ra6 32. Rd6 a4 33. Nxe6 axb3 34.
axb3 Ra3 35. Nd4 Bg4+ 36. Kg3 Bg7 37. h3 Bh5 38. Rd7 Ra6 39. c5 Ra2 40. Rg2 Ra1
41. Rd2 Rg1+ 42. Kf2 Rh1 43. Kg2 Ra1 44. b4 Ra4 45. Ne6 Bh6 46. R2d4 Ra3 47.
Kh2 Re3 48. Ba7 Re8 49. Nc7 Bxf4+ 50. Rxf4 Re2+ 51. Kg3 R8xe5 52. Nd5 Re6 53.
Rxb7 R2e5 54. Rb6 Bd1 55. Rxe6 Rxe6 56. c6 Kf8 57. c7 Rc6 58. b5 Rxc7 59. Nxc7
g5 60. Rxf5+ {Amateur resigns} 1-0

[Event "ICS Rated blitz match"]
[Site "204.178.125.65"]
[Date "1999.09.07"]
[Round "?"]
[White "Hossa"]
[Black "Amateur"]
[Result "1-0"]
[WhiteElo "2479"]
[BlackElo "2453"]
[PlyCount "169"]
[EventDate "1999.??.??"]

1. d4 Nf6 2. c4 g6 3. Nc3 Bg7 4. e4 d6 5. Nf3 O-O 6. Be2 e5 7. O-O exd4 8. Nxd4
Nbd7 9. f3 Re8 10. Be3 Re5 11. Qd2 Rh5 12. Rad1 Nc5 13. b4 Na6 14. a3 Bd7 15.
Bg5 h6 16. Be3 Kh7 17. Nb3 Qe7 18. Rfe1 Nb8 19. Nd5 Nxd5 20. exd5 Ba4 21. Rb1
Qh4 22. h3 Bxb3 23. Bf2 Qd8 24. Rxb3 Rf5 25. Bg3 Nd7 26. f4 Nf6 27. Re3 Nh5 28.
Bh2 Qf6 29. Bg4 Qd4 30. Qc1 Rf6 31. Bxh5 gxh5 32. Kh1 b5 33. Re4 Qb6 34. a4
bxa4 35. Qc2 Rg6 36. f5 Rf6 37. Qxa4 Rb8 38. b5 Rxf5 39. Qc2 Rf6 40. c5 Qb7 41.
cxd6 Rg6 42. dxc7 Rc8 43. Re8 Rxc7 44. Bxc7 Qxd5 45. Qe2 Rg5 46. Rb1 Qf5 47.
Rb3 Qc5 48. Bf4 Rf5 49. Qe4 Qd5 50. Qc2 Qc5 51. Qb1 Qd5 52. Bb8 Qd7 53. Bxa7
Qxe8 54. Qxf5+ Kg8 55. Re3 Qd8 56. Qxh5 Qc8 57. Bc5 Qa8 58. b6 Qa1+ 59. Kh2 Qa8
60. Bd6 Qc6 61. Re8+ Qxe8 62. b7 Qe6 63. b8=Q+ Kh7 64. Qb1+ Kh8 65. Bc7 Qd7 66.
Qb6 f5 67. Qbxh6+ Bxh6 68. Qxh6+ Kg8 69. Qg6+ Qg7 70. Qxg7+ Kxg7 71. Bf4 Kg6
72. g4 fxg4 73. hxg4 Kf6 74. Kh3 Kf7 75. g5 Kg7 76. Kg4 Kg6 77. Be3 Kf7 78. Kf5
Kg7 79. g6 Kg8 80. Kf6 Kh8 81. Bf2 Kg8 82. g7 Kh7 83. Kf7 Kh6 84. g8=Q Kh5 85.
Qg6# {Amateur checkmated} 1-0

[Event "ICS Rated blitz match"]
[Site "204.178.125.65"]
[Date "1999.09.29"]
[Round "?"]
[White "Hossa"]
[Black "Amateur"]
[Result "0-1"]
[WhiteElo "2509"]
[BlackElo "2425"]
[PlyCount "146"]
[EventDate "1999.??.??"]

1. e4 c5 2. Nf3 d6 3. d4 cxd4 4. Nxd4 Nf6 5. Nc3 a6 6. Bg5 e5 7. Bxf6 Qxf6 8.
Nd5 Qd8 9. Nb3 Be6 10. Be2 Nd7 11. O-O Be7 12. Qd2 O-O 13. Rad1 Rc8 14. c3 Bh4
15. g3 Bg5 16. f4 Bh6 17. Bf3 Rc4 18. Qe2 Ra4 19. fxe5 Nxe5 20. Ra1 Qg5 21. Bg2
Ng4 22. Qf3 Ne5 23. Qf2 Qh5 24. Nd4 Bxd5 25. Qc2 Ng4 26. h3 Rxd4 27. hxg4 Be3+
28. Rf2 Qxg4 29. cxd4 Be6 30. Kh2 Qh5+ 31. Kg1 Rc8 32. Qd3 Qg5 33. Re1 Bxf2+
34. Kxf2 Bc4 35. Qc3 Be6 36. Qd3 Qf6+ 37. Kg1 Qd8 38. a3 Qb6 39. b4 Rc4 40. Rd1
Qc7 41. Qf3 Rc3 42. Rd3 Rc2 43. Rd1 b5 44. Qf4 Rc3 45. d5 Bc8 46. Ra1 Bb7 47.
Kh1 Qe7 48. Kg1 f6 49. Bh3 g5 50. Qf2 Qxe4 51. Be6+ Kg7 52. Re1 Qd3 53. Bf5
Qxd5 54. Be4 Qf7 55. Bxb7 Qxb7 56. Rf1 Qf7 57. Rd1 Rxa3 58. Qe1 d5 59. Rd2 Qa7+
60. Kg2 Re3 61. Qd1 Qc7 62. Qg4 h5 63. Qh3 h4 64. Kf2 Rxg3 65. Qf5 Qc3 66. Rd3
Qc2+ 67. Kf1 Rxd3 68. Qd7+ Kh6 69. Qe8 Rf3+ 70. Ke1 Qc3+ 71. Kd1 Rf1+ 72. Ke2
Re1+ 73. Kf2 73... Qg3# {Hossa checkmated} 0-1

[Event "ICS Rated blitz match"]
[Site "204.178.125.65"]
[Date "1999.09.28"]
[Round "?"]
[White "Hossa"]
[Black "Amateur"]
[Result "0-1"]
[WhiteElo "2433"]
[BlackElo "2467"]
[PlyCount "114"]
[EventDate "1999.??.??"]

1. e4 e6 2. d4 d5 3. Nc3 Nf6 4. Bg5 dxe4 5. Nxe4 Nbd7 6. Bb5 c6 7. Bd3 Qb6 8.
Nxf6+ Nxf6 9. Ne2 Qxb2 10. O-O Be7 11. a4 h6 12. Rb1 Qa3 13. Ra1 Qb2 14. Qd2
Bb4 15. c3 Qxd2 16. Bxd2 Bd6 17. Rae1 O-O 18. Bf4 Bxf4 19. Nxf4 Rd8 20. Bc4 Nd5
21. Ne2 Rb8 22. Rb1 Re8 23. Bd3 e5 24. c4 Nf6 25. dxe5 Rxe5 26. Nd4 Bd7 27.
Rfd1 b6 28. f4 Ra5 29. Ra1 c5 30. Nb5 Rf8 31. Kf1 Re8 32. Nd6 Re3 33. Bc2 Rc3
34. Rd2 Ng4 35. Ke2 Ne3 36. Ra2 Nxc2 37. Rdxc2 Rxa4 38. f5 a5 39. Rcb2 Rxa2 40.
Rxa2 Rb3 41. Kd2 a4 42. Kc2 Bc6 43. Kc1 a3 44. Kc2 Ba4 45. Ra1 Rg3+ 46. Kb1 Rd3
47. Nc8 Re3 48. Nd6 h5 49. f6 gxf6 50. g3 Rd3 51. Ne4 Kg7 52. Nf2 Re3 53. Nh3
Re1+ 54. Ka2 Rxa1+ 55. Kxa1 Bb3 56. Nf4 Bxc4 57. Nxh5+ 57... Kg6 {Hossa resigns
} 0-1

[Event "ICS Rated blitz match"]
[Site "204.178.125.65"]
[Date "1999.10.08"]
[Round "?"]
[White "Hossa"]
[Black "Amateur"]
[Result "1/2-1/2"]
[WhiteElo "2436"]
[BlackElo "2425"]
[PlyCount "162"]
[EventDate "1999.??.??"]

1. e4 e5 2. Nf3 Nc6 3. Bb5 a6 4. Ba4 Nf6 5. O-O Be7 6. Re1 b5 7. Bb3 d6 8. c3
O-O 9. h3 Na5 10. Bc2 c5 11. d4 Bb7 12. Nbd2 cxd4 13. cxd4 Nc6 14. d5 Nb4 15.
Bb1 a5 16. b3 Qc7 17. Bb2 Rfc8 18. Re3 Qd7 19. a4 Rc7 20. axb5 Qxb5 21. Rc3
Rxc3 22. Bxc3 Nd7 23. Qf1 Qxf1+ 24. Nxf1 f5 25. Ne3 fxe4 26. Bxe4 Nf6 27. Bxb4
axb4 28. Rxa8+ Bxa8 29. Bf5 Kh8 30. Be6 Ne4 31. Nc2 Nc5 32. Nxb4 Nxb3 33. Bd7
Bb7 34. Nc6 Bf6 35. Nh2 Nc5 36. Bf5 e4 37. Ng4 Bc3 38. Ne3 g6 39. Bg4 h5 40.
Be2 h4 41. Nc4 Ba6 42. Bf1 Bxc4 43. Bxc4 Kg7 44. Na7 Nd3 45. Nb5 Bb4 46. Nc7
Kf6 47. Kf1 Bc5 48. Ne6 Bb6 49. f3 Nb2 50. Bb5 e3 51. Ke2 g5 52. f4 gxf4 53.
Nxf4 Kg5 54. Kf3 Nd1 55. g4 hxg3 56. Kxg3 Nc3 57. Be2 Kf6 58. h4 Nxe2+ 59. Nxe2
Ke5 60. h5 Bd8 61. h6 Ke4 62. Kg4 Bf6 63. Ng3+ Kd4 64. Ne2+ Kd3 65. Kf3 Bb2 66.
Nf4+ Kd2 67. Ne2 Be5 68. h7 Bb2 69. Ng3 Kd3 70. Ne2 Bf6 71. Nc1+ Kd2 72. Nb3+
Kd3 73. Nc1+ Kc2 74. Kxe3 Kxc1 75. Kf4 Be5+ 76. Kf5 Kd2 77. Ke6 Kd3 78. h8=R
Bxh8 79. Kxd6 Kd4 80. Ke6 Be5 81. d6 81... Bxd6 {
Game drawn because neither player has mating material} 1/2-1/2

[Event "ICS Rated blitz match"]
[Site "204.178.125.65"]
[Date "1999.09.07"]
[Round "?"]
[White "Hossa"]
[Black "Amateur"]
[Result "0-1"]
[WhiteElo "2475"]
[BlackElo "2457"]
[PlyCount "116"]
[EventDate "1999.??.??"]

1. e4 e6 2. d4 d5 3. exd5 exd5 4. Bd3 Nf6 5. Ne2 Nc6 6. c3 Bd6 7. O-O O-O 8. f3
Re8 9. Bg5 h6 10. Bh4 Qe7 11. Re1 Bd7 12. Kh1 Be6 13. Nd2 a5 14. Qc2 a4 15. a3
Ra5 16. c4 dxc4 17. Nxc4 Rh5 18. Nxd6 cxd6 19. Bf2 Bb3 20. Qd2 Qd8 21. Nf4 Ra5
22. Rxe8+ Qxe8 23. Re1 Qa8 24. Ne2 Rh5 25. Ng3 Rd5 26. Nf5 Qd8 27. Qf4 h5 28.
Be4 Nxe4 29. fxe4 Ra5 30. Qxd6 Qxd6 31. Nxd6 Nd8 32. d5 Ra6 33. Nb5 Bc4 34. Nc3
Kh7 35. Rc1 f6 36. Bb6 Rxb6 37. Nxa4 Rd6 38. Rxc4 b5 39. Rd4 bxa4 40. Rxa4 f5
41. h3 fxe4 42. Rxe4 Rxd5 43. b4 Rd1+ 44. Kh2 Ra1 45. Re3 Ra2 46. Kg3 Nc6 47.
Kh4 Rxg2 48. Rg3 Ra2 49. Kxh5 Nd4 50. h4 Nb5 51. Rg5 Nxa3 52. Ra5 Rg2 53. Ra6
g6+ 54. Rxg6 Rxg6 55. b5 Nc2 56. b6 Nd4 57. b7 Nf5 58. b8=B 58... Ng7# {
Hossa checkmated} 0-1

[Event "ICS Rated blitz match"]
[Site "204.178.125.65"]
[Date "1999.09.21"]
[Round "?"]
[White "Hossa"]
[Black "Amateur"]
[Result "0-1"]
[WhiteElo "2353"]
[BlackElo "2517"]
[PlyCount "164"]
[EventDate "1999.??.??"]

1. d4 d5 2. c4 c6 3. Nf3 Nf6 4. Nc3 dxc4 5. a4 Bf5 6. e3 e6 7. Bxc4 Bb4 8. O-O
Nbd7 9. Qb3 Qb6 10. Nh4 Bg4 11. f3 Bh5 12. Ne2 g5 13. g4 gxh4 14. gxh5 Rg8+ 15.
Kh1 O-O-O 16. a5 Bxa5 17. Qa4 Qb4 18. Qxb4 Bxb4 19. Rxa7 Kb8 20. Ra4 Be7 21.
Ra1 Nxh5 22. e4 Nb6 23. Bb3 Nd7 24. Ra5 Ndf6 25. Bc4 h3 26. Be3 Rg2 27. Rfa1
Rdg8 28. Bd3 Bf8 29. b3 Kc7 30. Ra7 Kc8 31. Ra8+ Kc7 32. Bd2 Nd7 33. e5 h6 34.
Ba5+ Nb6 35. Ra7 Be7 36. Ba6 Rb8 37. Ng1 Rb2 38. Bf1 Nf4 39. Bc3 Rxb3 40. Bd2
Bg5 41. Ba5 f6 42. exf6 Bxf6 43. Rd1 Nfd5 44. Bxh3 Re8 45. Be1 Nf4 46. Bg3 Nbd5
47. Bf1 Kb6 48. Raa1 Rg8 49. Rd2 Rb4 50. Bf2 Rg7 51. Rdd1 Rb2 52. Be1 Kc7 53.
Bg3 Rxg3 54. hxg3 Nh5 55. Nh3 Nxg3+ 56. Kg1 Nf5 57. Kh1 Bxd4 58. Bg2 Nde3 59.
Nf4 e5 60. Ne6+ Kb8 61. Nxd4 Ng3+ 62. Kh2 Rxg2+ 63. Kh3 exd4 64. Rxd4 Ngf5 65.
Rf4 Rg5 66. Kh2 b5 67. Rb1 h5 68. Rg1 Rxg1 69. Kxg1 c5 70. Kf2 b4 71. Re4 b3
72. Re6 Kc7 73. Re5 b2 74. Rxc5+ Kb6 75. Re5 Nd1+ 76. Kg1 b1=Q 77. Re1 Kc7 78.
Re7+ Nxe7 79. Kg2 Ne3+ 80. Kg3 Qg1+ 81. Kh3 N3f5 82. f4 82... Qh1# {
Hossa checkmated} 0-1

[Event "ICS Rated blitz match"]
[Site "204.178.125.65"]
[Date "1999.09.21"]
[Round "?"]
[White "Hossa"]
[Black "Amateur"]
[Result "0-1"]
[WhiteElo "2334"]
[BlackElo "2485"]
[PlyCount "97"]
[EventDate "1999.??.??"]

1. d4 Nf6 2. e4 Nxe4 3. Nc3 Nxc3 4. bxc3 e6 5. Bd3 c5 6. Nf3 cxd4 7. cxd4 Bb4+
8. Bd2 Bxd2+ 9. Nxd2 Nc6 10. c3 O-O 11. O-O Qa5 12. Qc1 Qg5 13. f4 Qd8 14. Nf3
d5 15. Qc2 h6 16. f5 exf5 17. Bxf5 Bxf5 18. Qxf5 Qa5 19. Rab1 b6 20. Rb3 Qxa2
21. Qxd5 Rae8 22. Rf2 Re2 23. Rxe2 Qxe2 24. h3 Rd8 25. Qb5 Qe3+ 26. Kh1 Qc1+
27. Ng1 Na5 28. Rb1 Qxc3 29. Nf3 Nc6 30. Qa4 a5 31. Qb5 Rb8 32. Re1 g6 33. Rd1
Ne7 34. Qe5 Rb7 35. Qf4 Nf5 36. Re1 b5 37. Re8+ Kh7 38. Re5 a4 39. h4 b4 40.
Kg1 a3 41. Rc5 a2 42. Rxc3 bxc3 43. Kh2 a1=Q 44. Qe4 Rb1 45. Ng1 Rxg1 46. g4
Qf1 47. Qf3 Qxf3 48. Kxg1 Ne3 49. d5 {Hossa resigns} 0-1

[Event "ICS Rated blitz match"]
[Site "204.178.125.65"]
[Date "1999.10.07"]
[Round "?"]
[White "Hossa"]
[Black "Amateur"]
[Result "1-0"]
[WhiteElo "2502"]
[BlackElo "2443"]
[PlyCount "113"]
[EventDate "1999.??.??"]

1. e4 e5 2. Nf3 Nc6 3. Bb5 a6 4. Ba4 Nf6 5. O-O Be7 6. Re1 b5 7. Bb3 d6 8. c3
O-O 9. h3 Na5 10. Bc2 c5 11. d4 Qc7 12. Nbd2 Bd7 13. d5 Rab8 14. a4 b4 15. c4
Qc8 16. b3 Bxh3 17. gxh3 Qxh3 18. Nf1 Ng4 19. Ne3 Bh4 20. Nxg4 Qxg4+ 21. Kf1
Bf6 22. Ke2 Rb6 23. Bb2 Rd8 24. Kd2 Qg6 25. Kc1 Bg5+ 26. Nxg5 Qxg5+ 27. Kb1 Qf4
28. f3 Rd7 29. Qd3 Qg5 30. Qe2 Rc7 31. Qh2 Rd7 32. Rh1 h6 33. Rg1 Qf6 34. f4
Re7 35. Ka2 Kh8 36. Raf1 Nxb3 37. fxe5 Nc1+ 38. Kb1 Qxf1 39. Rxf1 dxe5 40. Bxc1
b3 41. Bd3 Rg6 42. Be3 Kg8 43. Bxc5 Rc7 44. Be3 Re7 45. Kb2 Re8 46. Kxb3 Rb8+
47. Kc3 f6 48. Be2 Kh8 49. Bh5 Kh7 50. Bxg6+ Kxg6 51. Bxh6 Rg8 52. Bxg7 Kxg7
53. Rg1+ Kf8 54. Qh6+ Ke7 55. Rxg8 a5 56. c5 f5 57. Qg7# {Amateur checkmated}
1-0

[Event "ICS Rated blitz match"]
[Site "204.178.125.65"]
[Date "1999.09.12"]
[Round "?"]
[White "Hossa"]
[Black "AxlRose"]
[Result "1-0"]
[WhiteElo "2458"]
[BlackElo "2138"]
[PlyCount "31"]
[EventDate "1999.??.??"]

1. e4 c6 2. d4 d6 3. Ne2 g6 4. c4 Bg7 5. Nbc3 e6 6. Bf4 Ne7 7. Bg5 O-O 8. Bxe7
Qxe7 9. Qd2 Nd7 10. O-O-O d5 11. cxd5 cxd5 12. exd5 exd5 13. Nxd5 Qd6 14. Nec3
Nb6 15. Qf4 Qb4 16. Nxb4 {AxlRose resigns} 1-0